MDQL
is popping MORE tags! Check the
thread
!
Quizzes
Events
Quiz Creation
Community
Videos
Private Events
Remove Ads
Sign In
Join for FREE
Feedback
Dark Mode
Quiz Categories
Sports
Geography
Music
Movies
Television
Just For Fun
Miscellaneous
History
Literature
Language
Science
Gaming
Entertainment
Religion
Holiday
For Kids
Quiz Lab
Recent
Popular Today
Quiz Kudos Today
Editor Picks
Curator Picks
Quizzes by...
Day
Popularity
Type
Ratings
Length
Year
Community
Subscriptions
Recent Discussions
Orange Saloon
Badges
Playlists
Quests
Create
Leaderboards
Showdown
Live 5
Trivia Bingo
Activity
Puzzle Library
Sporcle Events
Private Events
Virtual Trivia
Globe League
Become a Host
Pub Owners
SporcleCon
Opinionation
Our Games
Videos
Blog
Mobile Apps
Partnerships
Remove Ads and Go Orange
Feedback
Sports
Athletes
MLB
NBA
NHL
NFL
Soccer
Sports Teams
WWE
NCAA
Football
Premier League
Basketball
Baseball
Hockey
Golf
Tennis
Cricket
Rugby
Auto Racing
Olympics
World Cup
Sports
Athletes
MLB
NBA
NHL
NFL
Soccer
Sports Teams
WWE
NCAA
Football
Premier League
Basketball
Baseball
Hockey
Golf
Tennis
Cricket
Rugby
Auto Racing
Olympics
World Cup
Random Quiz
Search Sporcle
×
Quiz Lab
Quiz Lab
Sports
World Cup
Type in answers that appear in a list
Type in answers that appear in a list
Classic
Best Score? Go Orange.
Belgian national football team: WC selection Stats
Can you name the Belgian soccerplayers selected for the World Cups?
By
Djeezes
20m
214 Questions
816 Plays
816 Plays
816 Plays
Comments
Comments
Give Quiz Kudos
Give Quiz Kudos
-
- Ratings
hide this ad
Replay
Link that replays current quiz
Next Quiz
Link to next quiz in quiz playlist
You Got
0%
They Got
Avg Score
64%
Avg Friend Score
Upgrade to see
Score Distribution
Jump to the score distribution portion of the page
Score
0/214
Timer
20:00
0
Plays Today
Year
Name
% Correct
QATAR 2022
Thibaut Courtois
98.7%
QATAR 2022
Thorgan Hazard
98%
QATAR 2022
Eden Hazard
98%
QATAR 2022
Romelu Lukaku
98%
QATAR 2022
Kevin De Bruyne
97.4%
RUSSIA 2018
Thibaut Courtois
96.9%
RUSSIA 2018
Thorgan Hazard
96.9%
RUSSIA 2018
Eden Hazard
96.9%
RUSSIA 2018
Romelu Lukaku
96.7%
BRAZIL 2014
Thibaut Courtois
96.4%
RUSSIA 2018
Kevin De Bruyne
96.3%
QATAR 2022
Dries Mertens
96.1%
QATAR 2022
Simon Mignolet
96%
QATAR 2022
Jan Vertonghen
96%
QATAR 2022
Toby Alderweireld
96%
BRAZIL 2014
Eden Hazard
95.8%
BRAZIL 2014
Vincent Kompany
95.7%
BRAZIL 2014
Romelu Lukaku
95.7%
RUSSIA 2018
Vincent Kompany
95.6%
RUSSIA 2018
Dries Mertens
95.4%
RUSSIA 2018
Jan Vertonghen
95.2%
RUSSIA 2018
Toby Alderweireld
95.2%
BRAZIL 2014
Kevin De Bruyne
95.2%
BRAZIL 2014
Jan Vertonghen
95%
QATAR 2022
Roberto Martinez
94.7%
RUSSIA 2018
Marouane Fellaini
94.6%
RUSSIA 2018
Simon Mignolet
94.6%
BRAZIL 2014
Marouane Fellaini
94.5%
RUSSIA 2018
Axel Witsel
94.4%
BRAZIL 2014
Thomas Vermaelen
94.2%
QATAR 2022
Youri Tielemans
94%
BRAZIL 2014
Toby Alderweireld
93.9%
BRAZIL 2014
Simon Mignolet
93.8%
BRAZIL 2014
Dries Mertens
93.8%
RUSSIA 2018
Roberto Martinez
93.8%
RUSSIA 2018
Thomas Vermaelen
93.8%
BRAZIL 2014
Axel Witsel
93.7%
RUSSIA 2018
Thomas Meunier
93.6%
QATAR 2022
Koen Casteels
93.4%
QATAR 2022
Axel Witsel
93.4%
RUSSIA 2018
Youri Tielemans
93.3%
ITALIA 1990
Marc Wilmots
93.3%
USA 1994
Marc Wilmots
93.3%
FRANCE 1998
Marc Wilmots
93.3%
JAPAN-
SOUTH KOREA 2002
Marc Wilmots
93.3%
BRAZIL 2014
Marc Wilmots
93.3%
JAPAN-
SOUTH KOREA 2002
Daniel Van Buyten
93.2%
BRAZIL 2014
Daniel Van Buyten
93.2%
QATAR 2022
Leandro Trossard
93%
QATAR 2022
Michy Batshuayi
92.7%
RUSSIA 2018
Koen Casteels
92.5%
RUSSIA 2018
Moussa Dembele
92.3%
BRAZIL 2014
Moussa Dembele
92.3%
QATAR 2022
Yannick Ferreira Carrasco
92.1%
RUSSIA 2018
Yannick Ferreira Carrasco
91.9%
BRAZIL 2014
Adnan Januzaj
91.7%
RUSSIA 2018
Michy Batshuayi
91.7%
BRAZIL 2014
Divock Origi
91.3%
RUSSIA 2018
Adnan Januzaj
91.1%
MEXICO 1986
Jean-Marie Pfaff
89.7%
SPAIN 1982
Jean-Marie Pfaff
89.7%
RUSSIA 2018
Dedryck Boyata
89.6%
ITALIA 1990
Michel Preud'homme
89.3%
USA 1994
Michel Preud'Homme
89.3%
BRAZIL 2014
Nacer Chadli
88.8%
QATAR 2022
Leander Dendoncker
88.7%
QATAR 2022
Charles De Ketelaere
88.4%
RUSSIA 2018
Nacer Chadli
88.4%
BRAZIL 2014
Kevin Mirallas
88.2%
BRAZIL 2014
Steven Defour
88%
BRAZIL 2014
Nicolas Lombaerts
87.8%
QATAR 2022
Wout Faes
87.4%
Year
Name
% Correct
QATAR 2022
Timothy Castagne
86.1%
QATAR 2022
Zeno Debast
86.1%
QATAR 2022
Loïs Openda
86.1%
QATAR 2022
Jeremy Doku
86.1%
RUSSIA 2018
Leander Dendoncker
85.7%
MEXICO 1986
Enzo Scifo
84.3%
ITALIA 1990
Enzo Scifo
84.3%
USA 1994
Enzo Scifo
84.3%
FRANCE 1998
Enzo Scifo
84.3%
FRANCE 1998
Emile Mpenza
84%
FRANCE 1998
Mbo Mpenza
84%
JAPAN-
SOUTH KOREA 2002
Mbo Mpenza
84%
JAPAN-
SOUTH KOREA 2002
Wesley Sonck
83.7%
QATAR 2022
Hans Vanaken
83.4%
MEXICO 1986
Leo Van Der Elst
82.7%
MEXICO 1986
Franky Van der Elst
82.7%
ITALIA 1990
Franky Van der Elst
82.7%
USA 1994
Franky Van der Elst
82.7%
FRANCE 1998
Franky Van der Elst
82.7%
BRAZIL 2014
Sammy Bossut
82.7%
SPAIN 1982
François Van Der Elst
82.7%
MEXICO 1986
Jan Ceulemans
82.6%
ITALIA 1990
Jan Ceulemans
82.6%
SPAIN 1982
Jan Ceulemans
82.6%
USA 1994
Luc Nilis
82.1%
FRANCE 1998
Luc Nilis
82.1%
JAPAN-
SOUTH KOREA 2002
Geert De Vlieger
81.7%
ITALIA 1990
Filip De Wilde
81%
USA 1994
Filip De Wilde
81%
FRANCE 1998
Filip De Wilde
81%
QATAR 2022
Thomas Meunier
80.8%
FRANCE 1998
Gert Verheyen
80.7%
JAPAN-
SOUTH KOREA 2002
Gert Verheyen
80.7%
SPAIN 1982
Rene Verheyen
80.7%
MEXICO 1986
Eric Gerets
80.5%
ITALIA 1990
Eric Gerets
80.5%
SPAIN 1982
Eric Gerets
80.5%
BRAZIL 2014
Anthony Vanden Borre
80.3%
BRAZIL 2014
Laurent Ciman
80.2%
QATAR 2022
Arthur Theate
79.5%
FRANCE 1998
Eric Deflandre
78.9%
JAPAN-
SOUTH KOREA 2002
Eric Deflandre
78.9%
MEXICO 1986
Guy Thijs
78.4%
ITALIA 1990
Guy Thijs
78.4%
JAPAN-
SOUTH KOREA 2002
Bart Goor
78.4%
SPAIN 1982
Guy Thijs
78.4%
JAPAN-
SOUTH KOREA 2002
Bernd Thys
78.1%
FRANCE 1998
Georges Leekens
77.9%
JAPAN-
SOUTH KOREA 2002
Robert Waseige
77.8%
JAPAN-
SOUTH KOREA 2002
Branko Strupar
77.6%
QATAR 2022
Amadou Onana
76.2%
USA 1994
Eric Van Meir
76.1%
FRANCE 1998
Eric Van Meir
76.1%
JAPAN-
SOUTH KOREA 2002
Eric Van Meir
76.1%
FRANCE 1998
Nico Van Kerckhoven
75.5%
JAPAN-
SOUTH KOREA 2002
Nico Van Kerckhoven
75.5%
MEXICO 1986
Georges Grun
75.3%
ITALIA 1990
Georges Grun
75.3%
USA 1994
Georges Grun
75.3%
USA 1994
Paul Van Himst
75.3%
JAPAN-
SOUTH KOREA 2002
Timmy Simons
75.3%
ITALIA 1990
Marc Degryse
74.2%
USA 1994
Marc Degryse
74.2%
ITALIA 1990
Lorenzo Staelens
73.8%
USA 1994
Lorenzo Staelens
73.8%
FRANCE 1998
Lorenzo Staelens
73.8%
USA 1994
Danny Boffin
73.5%
FRANCE 1998
Danny Boffin
73.5%
JAPAN-
SOUTH KOREA 2002
Danny Boffin
73.5%
FRANCE 1998
Luis Oliveira
72.7%
USA 1994
Dany Verlinden
72.3%
FRANCE 1998
Danny Verlinden
72.3%
Year
Name
% Correct
ITALIA 1990
Philippe Albert
72.2%
USA 1994
Philippe Albert
72.2%
MEXICO 1986
Leo Clijsters
71.1%
ITALIA 1990
Leo Clijsters
71.1%
JAPAN-
SOUTH KOREA 2002
Frederic Herpoel
70.8%
MEXICO 1986
Franky Vercauteren
70.3%
SPAIN 1982
Franky Vercauteren
70.3%
USA 1994
Josip Weber
70.1%
JAPAN-
SOUTH KOREA 2002
Jacky Peeters
69.9%
JAPAN-
SOUTH KOREA 2002
Johan Walem
69.2%
FRANCE 1998
Glen De Boeck
68.7%
JAPAN-
SOUTH KOREA 2002
Glen De Boeck
68.7%
FRANCE 1998
Philippe Clement
68.6%
MEXICO 1986
Gilbert Bodart
68.2%
ITALIA 1990
Gilbert Bodart
68.2%
MEXICO 1986
Erwin Vandenbergh
68.1%
SPAIN 1982
Erwin Vandenbergh
68.1%
MEXICO 1986
Stephane Demol
67.6%
ITALIA 1990
Stephane Demol
67.6%
USA 1994
Alex Czerniatynski
67.3%
SPAIN 1982
Alex Czerniatynski
67.3%
SPAIN 1982
Wilfried Van Moer
66.3%
FRANCE 1998
Bertrand Crasson
66.2%
JAPAN-
SOUTH KOREA 2002
Franky Vandendriessche
66.2%
JAPAN-
SOUTH KOREA 2002
Sven Vermant
66.1%
JAPAN-
SOUTH KOREA 2002
Yves Vanderhaeghe
65.8%
FRANCE 1998
Gordan Vidovic
65.7%
USA 1994
Rudi Smidts
65.2%
MEXICO 1986
Jacky Munaron
64.2%
SPAIN 1982
Jacky Munaron
64.2%
MEXICO 1986
Michel De Wolf
63.9%
ITALIA 1990
Michel De Wolf
63.9%
USA 1994
Michel De Wolf
63.9%
MEXICO 1986
Nico Claesen
63.1%
USA 1994
Stephane Van Der Heyden
63.1%
JAPAN-
SOUTH KOREA 2002
Peter Van der Heyden
63.1%
FRANCE 1998
Philippe Van De Walle
63%
MEXICO 1986
Rene Vandereycken
62.9%
SPAIN 1982
Ludo Coeck
61.6%
MEXICO 1986
Michel Renquin
61.5%
SPAIN 1982
Michel Renquin
61.5%
ITALIA 1990
Nico Claesen
60.7%
ITALIA 1990
Bruno Versavel
59.9%
MEXICO 1986
Danny Veyt
59.8%
USA 1994
Dirk Medved
59.4%
FRANCE 1998
Mike Verstraeten
59.4%
SPAIN 1982
Luc Millecamps
59.4%
SPAIN 1982
Marc Millecamps
59.4%
SPAIN 1982
Theo Custers
59%
USA 1994
Vital Borkelmans
58.4%
FRANCE 1998
Vital Borkelmans
58.4%
ITALIA 1990
Marc Emmers
58.3%
USA 1994
Marc Emmers
58.3%
MEXICO 1986
Patrick Vervoort
57.6%
ITALIA 1990
Patrick Vervoort
57.6%
SPAIN 1982
Walter Meeuws
57.3%
MEXICO 1986
Hugo Broos
56.4%
JAPAN-
SOUTH KOREA 2002
Gaetan Englebert
56.4%
MEXICO 1986
Philippe Desmedt
50.9%
MEXICO 1986
Raymond Mommens
50.9%
SPAIN 1982
Raymond Mommens
50.9%
USA 1994
Pascal Renier
49.7%
SPAIN 1982
Guy Vandersmissen
47.1%
SPAIN 1982
Jos Daerden
46.2%
ITALIA 1990
Marc Van der Linden
46.1%
ITALIA 1990
Jean-François de Sart
46%
ITALIA 1990
Pascal Plovie
43%
SPAIN 1982
Marc Baecke
42.7%
SPAIN 1982
Maurice De Schrijver
39.8%
SPAIN 1982
Gerard Plessers
38.9%
Quiz Playlist
Details
Report
Send in Message
Add To Playlist
Classic:
Type in answers that appear in a list
Last Updated: Nov 10, 2022
Quiz Scoreboard
CHALLENGE
Sign Up to Join the Scoreboard
Show All
Scores
Hide
Comments
May contain spoilers
Recently Published
Street Fighter Characters
by Artimus82
Gaming
60s
9x9 Crossword: Cartoon Network
by jackfrog10
Miscellaneous
3m
College Basketball Coaching Resumes
by pancakes188
Sports
9m
More to Explore
Quiz From the Vault
Featured Blog Post
Where Did the Easter Bunny Come From?
hide this ad
You Might Also Like...
Tags
Soccer Quiz
World Quiz
World Cup Quiz
Belgian
Belgium
cup
Devil
Red
Selected
selection
team
Today's Top Quizzes in Sports
Browse Sports
hide this ad
Today's Top Quizzes in World Cup
Browse World Cup
Top Contributed Quizzes in Sports
1
2022 World Cup Stars
2
Les meilleurs buteurs des matchs entre le PSG et l’OM
3
FIFA Club World Cup Champions
4
Les entraîneurs de l'OM et du PSG au 21e siècle
5
Criteria MLB: Left Handed Sluggers
6
2023 MLB Unique Player Accomplishments
7
AFC Teams Reveal (Wrong Answers Minefield)
8
5-to-1: FBS Animal Nicknames
9
Players with Multiple 50 Home Run Seasons
10
5-to-1: UK Sports Teams
Explore More
Trending Topics
Marvel
NBA
Anime
Kpop
Disney
Harry Potter
Crossword
Country
Soccer
WWE
NFL
Puzzle
The Office
Song
Pokémon
hide this ad
More By:
Djeezes
Quiz
Plays
Rating
Category
Featured
Created
Belgian national football team: WC selection
816
4.33
Sports
Aug 27, 2013
Champions League (EC I) XI by nationality
402
5.00
Sports
Dec 5, 2021
Belgian national football team: +50 caps
351
4.60
Sports
Aug 14, 2013
Champions Leauge / EC I: +2 winners
307
2.00
Sports
Nov 10, 2013
Belgian footballplayers: highest transferprice
275
4.50
Sports
Jan 3, 2014
Go to Creator's Profile
Score Distribution
Quiz Creator Spotlight
Djeezes
Follow
Send a Message
Quizzes Created
-
Created Quiz Play Count
-
More By This Creator
Popular Quizzes Today
1
Find the US States - No Outlines Minefield
2
Find the Countries of Europe - No Outlines Minefield
3
The Countries of the World
4
Find the US States
5
Risky Map Clicking: Biggest States A-Z
6
US States
7
Popular People in 1961
8
Movies - When Are They Set?
More Sports Quizzes
Won and Lost a Champions League Final
Quiz Lab
Trending Quizzes
Risky Map Clicking: Least Populous States A-Z
Countries of the World: 200 Million BC
1-10 Letter G Words
Risky Map Clicking: Next State Alphabetically
Adjectives in 80s TV Shows
Recently Updated
Leaping Animals
pecheneg
Reality TV Shows (A-Z)
bhenderson79
Rickey Henderson's Hall of Fame Teammates
pecheneg
Champions League XIs: Arsenal
pecheneg
Quick Pick: Celebrities in WWE's Hall of Fame
aduchscher
A-Z Keypad Blitz II
pecheneg
Multiple Oscar Actors
pecheneg
Mystery Phrase Blitz: Oscar 'Best Actors'
pecheneg
F. Scott Fitzgerald Novels
LTH
Pick 3 Villains
ddd62291
Trending Topics
Harry Potter
Crossword
Kpop
NBA
Disney
Marvel
Anime
Puzzle
Soccer
NFL
Song
Country
Pokémon
The Office
WWE
Your Account Isn't Verified!
In order to create a playlist on Sporcle, you need to verify the email address you used during registration. Go to your
Sporcle Settings
to finish the process.
Report this User
Report this user for behavior that violates our
Community Guidelines
.
Details:
Send Report
Go to the Sporcle.com Mobile Site →
Comments